000 01717nam0a22004211 4500
001 RU\NLR\BIBL_A\010405498
005 20260408234946.0
010 _a978-5-699-69098-5
_93000
021 _aRU
_b2014-26147
_91620
035 _a(NILC)RuMoRGB-006805749
035 _a(NLR Aleph) 010405498
090 _a9727428
_c9727428
100 _a20140617d2014 |||y0rusy50 ca
101 1 _arus
_cund
102 _aRU
105 _aac||z|||100yy
200 1 _aКнига об истине и силе
_fЛао-Цзы
_gв пер. и с коммент. Бронислава Виногродского
210 _aМосква
_cЭксмо
_d2014
215 _a465, [8] с.
_cил., портр.
_d24
225 1 _aКлассика китайской мудрости
225 1 _aИскусство управления миром
_eавторская серия Б. Виногродского
500 _aДао дэ Цзин
_3RU\NLR\AUTH\559233
_92631259
517 1 _aКнига об истине и силе
606 1 _aДаосизм
_yКитай
_92218910
_3RU\NLR\AUTH\661332504
686 1 _aЮ3(5Кит)3-218
686 1 _aЭ342
700 0 _8rus
_7ca
_aЛао-Цзы
_f6-5 вв. до н.э.
_3RU\NLR\AUTH\778936
_9118815
702 1 _4730
_8rus
_7ca
_aВиногродский
_bБ. Б.
_f1957-
_gБронислав Брониславович
_3RU\NLR\AUTH\7737896
_920883
801 0 _aRU
_bРГБ
_c20140418
_gRCR
801 1 _aRU
_bРГБ
_c20140418
_2rusmarc
852 _aNLR
_bОЛСАА-сл-спр
_j4-1604
942 _cBOOK
980 _aNBR
980 1 _aSL_SPR
980 _aNB